Primi 15 paesi interessati da Covid-19 - 23 giugno - Statistics

Statistiche generali
  • Questo quiz è stato fatto 9 volte
  • Il punteggio medio è 11 su 26
Statistiche sulle risposte
nazione % Corretto
Italia
100%
Spagna
100%
Stati Uniti
100%
India
86%
Messico
86%
Russia
86%
Brasile
71%
Germania
71%
Perù
71%
Regno Unito
71%
Iran
57%
Svezia
57%
Belgio
29%
Cile
29%
Cile
29%
Turchia
29%
Bielorussia
14%
Qatar
14%
Arabia Saudita
0%
Armenia
0%
Bahrain
0%
Kuwait
0%
Oman
0%
Pakistan
0%
Panama
0%
Singapore
0%
Nessun quiz corrispondente trovato
Distribuzione punteggi
Percentuale di utenti per punteggio
Percentile per numero di risposta
I tuoi punteggi nel tempo
Non hai fatto questo quiz